<?xml version="1.0" encoding="UTF-8"?>
<collection xmlns="http://www.loc.gov/MARC21/slim">
 <record>
  <leader>01563nam a2200253Ia 4500</leader>
  <controlfield tag="001">TDMU_20029</controlfield>
  <controlfield tag="008">210410s9999    xx            000 0 und d</controlfield>
  <datafield tag="082" ind1=" " ind2=" ">
   <subfield code="a">340.0973103</subfield>
  </datafield>
  <datafield tag="090" ind1=" " ind2=" ">
   <subfield code="b">H566</subfield>
  </datafield>
  <datafield tag="100" ind1=" " ind2=" ">
   <subfield code="a">Hữu Đức</subfield>
  </datafield>
  <datafield tag="245" ind1=" " ind2="0">
   <subfield code="a">Bách khoa thư Hà Nội</subfield>
  </datafield>
  <datafield tag="245" ind1=" " ind2="0">
   <subfield code="b">kỷ niệm 1000 năm Thăng Long - Hà Nội 1010-2010</subfield>
  </datafield>
  <datafield tag="245" ind1=" " ind2="0">
   <subfield code="c">Hữu Đức [và nh.ng. khác] ch.b</subfield>
  </datafield>
  <datafield tag="245" ind1=" " ind2="0">
   <subfield code="n">T.4</subfield>
  </datafield>
  <datafield tag="245" ind1=" " ind2="0">
   <subfield code="p">Pháp luật</subfield>
  </datafield>
  <datafield tag="260" ind1=" " ind2=" ">
   <subfield code="a">H.</subfield>
  </datafield>
  <datafield tag="260" ind1=" " ind2=" ">
   <subfield code="b">Văn hóa Thông tin</subfield>
  </datafield>
  <datafield tag="260" ind1=" " ind2=" ">
   <subfield code="c">2009</subfield>
  </datafield>
  <datafield tag="300" ind1=" " ind2=" ">
   <subfield code="a">307tr.</subfield>
  </datafield>
  <datafield tag="520" ind1=" " ind2=" ">
   <subfield code="a">tr.302; Gồm 7 phần. Ph.1: Tổng quan; Ph.2: Pháp luật qua các thời kỳ lịch sử ở Thủ Đô Thăng Long - Hà Nội; Ph.3: Hương ước cổ Hà Nội; Ph.4: Các cơ quan tư pháp ở Thăng Long - Hà Nội trong hệ thống tổ chức tư pháp cả nước qua các giai đoạn lịch sử; Ph.5: Tuyển dụng đào tạo chức danh tư pháp qua các thời ký lịch sử; Ph.6: Kế thừa và phát huy bản sắc dân tộc Việt Nam về Nhà nước và Pháp luật; Ph.7: Nội dung vắn tắt các văn bản quy phạm pháp luật cơ bản</subfield>
  </datafield>
  <datafield tag="650" ind1=" " ind2=" ">
   <subfield code="a">Hà Nội (Việt Nam)</subfield>
   <subfield code="x">Pháp luật</subfield>
   <subfield code="v">Bách khoa thư; Pháp luật</subfield>
   <subfield code="z">Hà Nội (Việt Nam) </subfield>
  </datafield>
  <datafield tag="700" ind1=" " ind2=" ">
   <subfield code="a">Lê, Văn Thâu</subfield>
  </datafield>
  <datafield tag="856" ind1=" " ind2=" ">
   <subfield code="u">http://lrc.tdmu.edu.vn/opac/search/detail.asp?aID=2&amp;ID=20029</subfield>
  </datafield>
  <datafield tag="980" ind1=" " ind2=" ">
   <subfield code="a">Trung tâm Học liệu Trường Đại học Thủ Dầu Một</subfield>
  </datafield>
 </record>
</collection>
